Catálogo

LIDERES : (Registro nro. 45307)

Detalles MARC
000 -LEADER
fixed length control field 01192nam a2200229 a 4500
001 - CONTROL NUMBER
control field 45307
005 - DATE AND TIME OF LATEST TRANSACTION
control field 20180714024449.0
008 - FIXED-LENGTH DATA ELEMENTS--GENERAL INFORMATION
fixed length control field 140415s2001 sp 000 0 spa d
020 ## - INTERNATIONAL STANDARD BOOK NUMBER
International Standard Book Number 8449310105
041 ## - LANGUAGE CODE
Language code of text/sound track or separate title spa
082 ## - DEWEY DECIMAL CLASSIFICATION NUMBER
Classification number 658.4092
Item number BEN
100 1# - MAIN ENTRY--PERSONAL NAME
Personal name BENNIS, WARREN
245 10 - TITLE STATEMENT
Title LIDERES :
Remainder of title ESTRATEGIAS PARA UN LIEDERAGO EFICAZ
250 ## - EDITION STATEMENT
Edition statement 1a ed.
260 ## - PUBLICATION, DISTRIBUTION, ETC.
Place of publication, distribution, etc. ESPAÑA :
Name of publisher, distributor, etc. PAIDOS IBERICA,
Date of publication, distribution, etc. 2001
300 ## - PHYSICAL DESCRIPTION
Extent 251
Dimensions x 13.5 x 21
520 ## - SUMMARY, ETC.
Summary, etc. EL LIDERAZGO CONCIERNE AL CARÁCTER. EL CARÁCTER ES ALGO EN CONSTANTE EVOLUCIÓN. EL PROCESO DE CONVERTIRSE EN LÍDER SE ASEMEJA MUCHO AL DE VOLVERSE UN SER HUMANO INTEGRADO. CUANDO SE OBSERVAN LOS CRITERIOS QUE LA MAYORÍA DE LAS ORGANIZACIONES EMPLEAN PARA EVALUAR A SUS EJECUTIVOS, SE SUELEN ENCONTRAR SIETE: CAPACIDAD TÉCNICA, HABILIDADES SOCIALES, CAPACIDAD CONCEPTUAL, CAPACITACIÓN DE SEÑALES, GUSTO, JUICIO Y CARÁCTER. DE ÉSTAS, LAS DOS ÚLTIMAS SON LAS MÁS DIFICILES DE IDENTIFICAR, MEDI
650 14 - SUBJECT ADDED ENTRY--TOPICAL TERM
Topical term or geographic name entry element CIENCIAS ADMINISTRATIVAS
General subdivision LIDERAZGO
-- PLANEACION ADMINISTRATIVA
-- PROCESO ADMINISTRATIVO
-- DIRECCION
700 1# - ADDED ENTRY--PERSONAL NAME
Personal name GALMARINI, MARCO AURELIO
Relator term tr.
740 ## - ADDED ENTRY--UNCONTROLLED RELATED/ANALYTICAL TITLE
Uncontrolled related/analytical title LEADERS
700 1# - ADDED ENTRY--PERSONAL NAME
Personal name NANUS, BURT
Relator term coaut.
Existencias
Withdrawn status Lost status Source of classification or shelving scheme Damaged status Not for loan Collection code Home library Current library Shelving location Date acquired Source of acquisition Inventory number Total Checkouts Total Renewals Full call number Barcode Date last seen Date last checked out Price effective from Koha item type
    Dewey Decimal Classification     General Biblioteca Karol Wojtyla Biblioteca Karol Wojtyla Sala general 03/12/2013 Compra 151000000000000000013718 3 1 658.4092 BEN 68116 05/01/2026 14/03/2022 03/12/2013 Libro
  Extraviado Dewey Decimal Classification       Biblioteca Karol Wojtyla Biblioteca Karol Wojtyla   03/12/2013 Compra       658.4092 BEN 68115     03/12/2013 Libro